000
00305nam a22001337a 4500
008
180112b xxu||||| |||| 00| 0 eng d
020
_a
9781259135330
041
_a
eng
080
_2
8 ED
_a
54
100
_a
12
101
_a
KIM
245
_a
PHYSIOLOGICAL CHEMISTRY
_c
DENNISTO./K..J
942
_2
udc
_c
BK
999
_c
40214
_d
40214